| 000 | 00690 a2200217 4500 | ||
|---|---|---|---|
| 020 | _a1-880410-23-0 | ||
| 020 | _a1-880410-22-2 | ||
| 040 | _aDLC | ||
| 082 | 0 | _a658.404 | |
| 245 | 0 | 2 |
_aA guide to the project management body of knowledge: PMBOK guide _cPMI Standards committee |
| 250 | _a2000 ed. | ||
| 260 |
_aNewton Square, Pa. : _bProject Management Institute, _ccop. 2000 |
||
| 300 | _a216 s. | ||
| 500 | _aPMBOK = Project management body of knowledge | ||
| 650 | 0 | _aIndustrial project management | |
| 650 | 0 | _aProject management | |
| 710 | 2 | _aPMI Standards Committee | |
| 740 | 0 | _aProject management body of knowledge | |
| 740 | 0 | _aPMBOK guide | |
| 942 |
_cBK _k658.404 IMP _2ddc |
||
| 999 |
_c8676 _d8676 |
||